[Event "55. Bulgaria ch 2006"]
[Site "Svilenggrad BUL"]
[Date "2006.03.01"]
[Round "1.1"]
[White "Djingarova, Emilia"]
[Black "Raeva, Elitsa"]
[Result "1/2-1/2"]
[WhiteElo "2346"]
[BlackElo "2210"]
[PlyCount "70"]
[EventDate "2006.03.03"]
[EventType "tourn"]
[EventRounds "1"]
[EventCountry "BUL"]
[EventCategory "6"]
[Source "lmi"]
[SourceDate "2006.03.11"]

1. e4 c5 2. Nf3 Nc6 3. Bb5 e6 4. O-O Nge7 5. Nc3 a6 6. Bxc6 Nxc6 7. d4 cxd4 8.
Nxd4 Bc5 9. Nxc6 bxc6 10. e5 Qc7 11. Bf4 Bb7 12. Ne4 Be7 13. Nd6+ Bxd6 14. exd6
Qb6 15. Bg5 f6 16. Be3 Qb4 17. Qh5+ g6 18. Qc5 Qxc5 19. Bxc5 a5 20. a4 h5 21.
h4 g5 22. hxg5 fxg5 23. f4 gxf4 24. Rxf4 O-O-O 25. Raf1 Ba6 26. R1f2 h4 27. Bd4
Rh7 28. Bf6 Rg8 29. Bxh4 Kb7 30. Bf6 c5 31. c4 Kc6 32. Rd2 Rf7 33. Rdf2 Rh7 34.
Rd2 Rf7 35. Rdf2 Rh7 1/2-1/2

[Event "55. Bulgaria ch 2006"]
[Site "Svilenggrad BUL"]
[Date "2006.03.01"]
[Round "1.2"]
[White "Nikolova, Adriana"]
[Black "Videnova, Iva"]
[Result "0-1"]
[WhiteElo "2112"]
[BlackElo "2058"]
[PlyCount "112"]
[EventDate "2006.03.03"]
[EventType "tourn"]
[EventRounds "1"]
[EventCountry "BUL"]
[EventCategory "6"]
[Source "lmi"]
[SourceDate "2006.03.11"]

1. e4 c5 2. Nf3 Nc6 3. d4 cxd4 4. Nxd4 g6 5. c4 Bg7 6. Be3 Nf6 7. Nc3 d6 8. Be2
O-O 9. O-O Nxd4 10. Bxd4 Bd7 11. Qd2 Bc6 12. f3 a5 13. b3 Nd7 14. Be3 Nc5 15.
Rab1 Qb6 16. Rfc1 Rfc8 17. Rc2 Qd8 18. a3 h5 19. b4 axb4 20. axb4 Na4 21. Nd5
Kh7 22. Kh1 Bxd5 23. exd5 Qh8 24. Rb3 Nb2 25. Rcxb2 Bxb2 26. Rxb2 Ra1+ 27. Bg1
Rca8 28. c5 Re1 29. Qxe1 Qxb2 30. Bd3 Ra2 31. Qg3 Ra1 32. Qf4 Kg8 33. Qe3 Qc3
34. h3 Rd1 35. c6 bxc6 36. dxc6 Rxd3 37. Qb6 Rd1 38. b5 Rc1 39. Qa7 Kg7 40. Qb6
Qc4 41. Qe3 Rb1 42. Kh2 e5 43. Qd2 Rxb5 44. Qxd6 Qf4+ 45. Kh1 Rb1 46. Qc5 Rc1
47. Qb6 Qd4 48. Kh2 Qxb6 49. Bxb6 Rxc6 50. Be3 f5 51. Bd2 Kf6 52. h4 e4 53. Kg3
Ke5 54. Kf2 Rc2 55. Ke1 exf3 56. gxf3 Rxd2 0-1

[Event "55. Bulgaria ch 2006"]
[Site "Svilenggrad BUL"]
[Date "2006.03.01"]
[Round "1.3"]
[White "Chilingirova, Pavlina"]
[Black "Andreeva, Plamena"]
[Result "1/2-1/2"]
[WhiteElo "2217"]
[BlackElo "2071"]
[PlyCount "66"]
[EventDate "2006.03.03"]
[EventType "tourn"]
[EventRounds "1"]
[EventCountry "BUL"]
[EventCategory "6"]
[Source "lmi"]
[SourceDate "2006.03.11"]

1. c4 b6 2. e4 e6 3. Nc3 Bb7 4. d3 d5 5. exd5 exd5 6. cxd5 Nf6 7. Bg5 Be7 8.
Qa4+ Nbd7 9. Bxf6 Bxf6 10. d4 a6 11. Nf3 O-O 12. Be2 b5 13. Qb3 Nb6 14. a4 bxa4
15. Nxa4 Bxd5 16. Qc2 Re8 17. O-O Nxa4 18. Rxa4 Bb3 19. Qxb3 Rxe2 20. Qc3 Rb8
21. b3 Re6 22. g3 Reb6 23. Rb1 Qd5 24. Nd2 Rc6 25. Qd3 Rcb6 26. Qc4 Qd7 27. Ne4
Be7 28. Nc5 Qh3 29. Rxa6 Qf5 30. Re1 Bxc5 31. dxc5 Rxa6 32. Qxa6 Qxc5 33. Qa4
g6 1/2-1/2

[Event "55. Bulgaria ch 2006"]
[Site "Svilenggrad BUL"]
[Date "2006.03.01"]
[Round "1.4"]
[White "Jordanova, Svetla"]
[Black "Velcheva, Maria"]
[Result "1/2-1/2"]
[WhiteElo "2187"]
[BlackElo "2286"]
[PlyCount "97"]
[EventDate "2006.03.03"]
[EventType "tourn"]
[EventRounds "1"]
[EventCountry "BUL"]
[EventCategory "6"]
[Source "lmi"]
[SourceDate "2006.03.11"]

1. e4 c5 2. c3 Nf6 3. e5 Nd5 4. d4 cxd4 5. Nf3 e6 6. cxd4 d6 7. Bc4 Nb6 8. Bd3
dxe5 9. dxe5 Na6 10. O-O Nc5 11. Bc2 Qxd1 12. Rxd1 Nd5 13. Bd2 Bd7 14. Ng5 h6
15. Ne4 Bc6 16. Nbc3 Nb4 17. Nxc5 Nxc2 18. Rac1 Bxc5 19. Rxc2 Rd8 20. Bf4 Rxd1+
21. Nxd1 Bb6 22. Be3 Bxe3 23. Nxe3 Ke7 24. Rd2 f6 25. exf6+ gxf6 26. f3 f5 27.
Kf2 h5 28. f4 h4 29. a3 Rc8 30. Nc2 Rg8 31. Ne3 Be4 32. g3 hxg3+ 33. hxg3 Rc8
34. g4 fxg4 35. Nxg4 Rg8 36. Ne5 Bd5 37. Ke3 Kf6 38. Rf2 Kf5 39. Nf7 Rg1 40.
Nd6+ Kf6 41. Nb5 a6 42. Nc3 Bc6 43. Rh2 Rg3+ 44. Ke2 Kf5 45. Rf2 Kg4 46. Kd2
Kf5 47. Ne2 Rg6 48. Ke3 Bd5 49. Nd4+ 1/2-1/2

[Event "55. Bulgaria ch 2006"]
[Site "Svilenggrad BUL"]
[Date "2006.03.01"]
[Round "1.5"]
[White "Voiska, Margarita"]
[Black "Draganova, Petranka"]
[Result "1-0"]
[WhiteElo "2308"]
[BlackElo "2049"]
[PlyCount "99"]
[EventDate "2006.03.03"]
[EventType "tourn"]
[EventRounds "1"]
[EventCountry "BUL"]
[EventCategory "6"]
[Source "lmi"]
[SourceDate "2006.03.11"]

1. d4 d5 2. c4 c6 3. cxd5 cxd5 4. Nc3 Nc6 5. Nf3 e6 6. Bf4 Nf6 7. e3 a6 8. Bd3
Bb4 9. Rc1 Bd7 10. a3 Be7 11. Ne5 Nxe5 12. dxe5 Ng8 13. Be2 Qb6 14. b4 Rc8 15.
O-O Bc6 16. Na4 Qd8 17. h3 g5 18. Bh2 Nh6 19. Nc5 Nf5 20. Bd3 h5 21. Bxf5 exf5
22. e6 Bxc5 23. exf7+ Kxf7 24. Rxc5 Qf6 25. Qd3 g4 26. h4 Rcd8 27. Bf4 Rd7 28.
Bg5 Qe5 29. Rfc1 Re8 30. Bf4 Qe4 31. Rd1 Qxd3 32. Rxd3 Re4 33. f3 Rc4 34. Rd4
Rxc5 35. bxc5 Re7 36. Kf2 Ke6 37. Kg3 Rd7 38. a4 Rg7 39. Bh6 Rg8 40. Bg5 Rg7
41. a5 Rd7 42. Kf4 Bb5 43. Bh6 Kf6 44. Bf8 Bc6 45. Bd6 Rh7 46. Rd2 Ke6 47. Be5
Bb5 48. Bd4 Rc7 49. Kg5 Be8 50. Rb2 1-0

[Event "55. Bulgaria ch 2006"]
[Site "Svilenggrad BUL"]
[Date "2006.03.01"]
[Round "1.6"]
[White "Savova, Stefka"]
[Black "Genova, Ruzka"]
[Result "1/2-1/2"]
[WhiteElo "2204"]
[BlackElo "2218"]
[PlyCount "20"]
[EventDate "2006.03.03"]
[EventType "tourn"]
[EventRounds "1"]
[EventCountry "BUL"]
[EventCategory "6"]
[Source "lmi"]
[SourceDate "2006.03.11"]

1. e4 e6 2. d4 d5 3. exd5 exd5 4. Bd3 Bd6 5. Qe2+ Qe7 6. c3 Qxe2+ 7. Nxe2 Ne7
8. Bf4 Nbc6 9. Nd2 O-O 10. O-O Bd7 1/2-1/2

[Event "55. Bulgaria ch 2006"]
[Site "Svilenggrad BUL"]
[Date "2006.03.02"]
[Round "2.1"]
[White "Raeva, Elitsa"]
[Black "Genova, Ruzka"]
[Result "0-1"]
[WhiteElo "2210"]
[BlackElo "2218"]
[PlyCount "120"]
[EventDate "2006.03.03"]
[EventType "tourn"]
[EventRounds "1"]
[EventCountry "BUL"]
[EventCategory "6"]
[Source "lmi"]
[SourceDate "2006.03.11"]

1. c4 Nf6 2. Nc3 c5 3. g3 Nc6 4. Bg2 g6 5. d3 Bg7 6. e4 d6 7. Nge2 Bd7 8. O-O
O-O 9. Rb1 Qc8 10. Nf4 e5 11. Nfd5 Nxd5 12. Nxd5 Kh8 13. a3 Bg4 14. f3 Be6 15.
Ne3 Nd4 16. f4 exf4 17. gxf4 f5 18. b4 fxe4 19. bxc5 dxc5 20. dxe4 b6 21. h4
Bh3 22. h5 Bxg2 23. Nxg2 Qe6 24. h6 Bxh6 25. f5 gxf5 26. Bxh6 Qxh6 27. exf5
Nxf5 28. Qd5 Nd4 29. Qe5+ Qg7 30. Qxg7+ Kxg7 31. Ne3 Rae8 32. Rxf8 Rxf8 33. Kg2
Rf3 34. Re1 Kg6 35. a4 h5 36. a5 bxa5 37. Nd5 a4 38. Ne7+ Kf7 39. Nc6 Rc3 40.
Nxa7 Rxc4 41. Nc8 Rc2+ 42. Kh3 a3 43. Nd6+ Kg6 44. Rg1+ Kf6 45. Ra1 a2 46. Ne4+
Ke5 47. Nxc5 Rxc5 48. Rxa2 Nf5 49. Ra8 Rc3+ 50. Kh2 Kf4 51. Rh8 Kg4 52. Rg8+
Kh4 53. Rg6 Rh3+ 54. Kg2 Rg3+ 55. Rxg3 Nxg3 56. Kh2 Kg4 57. Kg2 Nf5 58. Kh2 Ne3
59. Kh1 Kg3 60. Kg1 Ng4 0-1

[Event "55. Bulgaria ch 2006"]
[Site "Svilenggrad BUL"]
[Date "2006.03.02"]
[Round "2.3"]
[White "Velcheva, Maria"]
[Black "Voiska, Margarita"]
[Result "1/2-1/2"]
[WhiteElo "2286"]
[BlackElo "2308"]
[PlyCount "24"]
[EventDate "2006.03.03"]
[EventType "tourn"]
[EventRounds "1"]
[EventCountry "BUL"]
[EventCategory "6"]
[Source "lmi"]
[SourceDate "2006.03.11"]

1. e4 d6 2. d4 Nf6 3. Nc3 e5 4. Nf3 Nbd7 5. Bc4 Be7 6. O-O O-O 7. Re1 c6 8. a4
b6 9. d5 cxd5 10. Nxd5 Nxd5 11. Bxd5 Rb8 12. b3 Nf6 1/2-1/2

[Event "55. Bulgaria ch 2006"]
[Site "Svilenggrad BUL"]
[Date "2006.03.02"]
[Round "2.4"]
[White "Andreeva, Plamena"]
[Black "Jordanova, Svetla"]
[Result "1/2-1/2"]
[WhiteElo "2071"]
[BlackElo "2187"]
[PlyCount "68"]
[EventDate "2006.03.03"]
[EventType "tourn"]
[EventRounds "1"]
[EventCountry "BUL"]
[EventCategory "6"]
[Source "lmi"]
[SourceDate "2006.03.11"]

1. e4 c5 2. a3 Nc6 3. b4 d6 4. f4 Nf6 5. Nc3 e5 6. Nf3 Bg4 7. Bb5 cxb4 8. axb4
Be7 9. h3 Bxf3 10. Qxf3 O-O 11. Bxc6 bxc6 12. Qf2 Nh5 13. Ne2 exf4 14. O-O Bh4
15. Qf3 Qb6+ 16. Kh1 Ng3+ 17. Nxg3 Bxg3 18. Qc3 f6 19. Qc4+ Kh8 20. Ra6 Qb5 21.
Rxc6 Qxc4 22. Rxc4 Rfc8 23. Rxc8+ Rxc8 24. d3 Rxc2 25. Bxf4 Bxf4 26. Rxf4 Rb2
27. Rf5 Rxb4 28. Ra5 h6 29. Rxa7 Rb3 30. d4 Rd3 31. d5 f5 32. Rd7 fxe4 33. Rxd6
e3 34. Re6 Rxd5 1/2-1/2

[Event "55. Bulgaria ch 2006"]
[Site "Svilenggrad BUL"]
[Date "2006.03.02"]
[Round "2.5"]
[White "Videnova, Iva"]
[Black "Chilingirova, Pavlina"]
[Result "0-1"]
[WhiteElo "2058"]
[BlackElo "2217"]
[PlyCount "52"]
[EventDate "2006.03.03"]
[EventType "tourn"]
[EventRounds "1"]
[EventCountry "BUL"]
[EventCategory "6"]
[Source "lmi"]
[SourceDate "2006.03.11"]

1. c4 e5 2. g3 c6 3. Nf3 e4 4. Nd4 d5 5. cxd5 cxd5 6. Bg2 Nf6 7. O-O Qb6 8. Nc2
Nc6 9. d3 Be6 10. Nc3 Rd8 11. Kh1 Be7 12. f3 exf3 13. Bxf3 d4 14. Ne4 Nxe4 15.
Bxe4 O-O 16. b3 Bd5 17. Bxd5 Rxd5 18. e4 dxe3 19. Nxe3 Rd7 20. Nf5 Nd4 21. Nh6+
Kh8 22. Nxf7+ Rxf7 23. Rxf7 Qc6+ 24. Kg1 Bc5 25. Rxd7 Ne2+ 26. Kf1 Qh1+ 0-1

[Event "55. Bulgaria ch 2006"]
[Site "Svilenggrad BUL"]
[Date "2006.03.02"]
[Round "2.6"]
[White "Djingarova, Emilia"]
[Black "Nikolova, Adriana"]
[Result "0-1"]
[WhiteElo "2346"]
[BlackElo "2112"]
[PlyCount "144"]
[EventDate "2006.03.03"]
[EventType "tourn"]
[EventRounds "1"]
[EventCountry "BUL"]
[EventCategory "6"]
[Source "lmi"]
[SourceDate "2006.03.11"]

1. e4 c5 2. Nf3 d6 3. d4 cxd4 4. Nxd4 Nf6 5. Nc3 a6 6. Be2 e5 7. Nb3 Be7 8. O-O
Be6 9. f4 b5 10. f5 Bxb3 11. axb3 Nbd7 12. Kh1 O-O 13. Nd5 Nxd5 14. Qxd5 Nb6
15. Qd3 Qc7 16. c3 Rfd8 17. Qg3 Bf6 18. Bh6 Kh8 19. Be3 Qb7 20. Qg4 Rab8 21.
Rf3 d5 22. Rh3 Kg8 23. Qh5 Kf8 24. Qxh7 Ke7 25. Qh5 Rbc8 26. Qg4 dxe4 27. Bxb6
Qxb6 28. Qxe4 Rd6 29. Rd3 Rxd3 30. Bxd3 Rd8 31. Rf1 Qd6 32. Rf3 Qd5 33. Qxd5
Rxd5 34. g3 Bg5 35. b4 Bc1 36. b3 Bd2 37. Be4 Rd7 38. c4 bxc4 39. bxc4 Bxb4 40.
Bd5 a5 41. Rf2 Ra7 42. Kg2 a4 43. Rc2 Kd6 44. Kf3 a3 45. Ke4 Bc5 46. Ra2 Bd4
47. c5+ Bxc5 48. Rc2 Ra4+ 49. Rc4 Ra5 50. Rc2 Ra4+ 51. Rc4 Rxc4+ 52. Bxc4 f6
53. Ba2 Bg1 54. h3 Bf2 55. g4 Bh4 56. Kd3 Kc5 57. Bf7 Kb4 58. Ba2 Bg5 59. Bf7
e4+ 60. Kxe4 Kc3 61. Be6 Kb2 62. Bc4 a2 63. Bxa2 Kxa2 64. Kd5 Kb3 65. Ke6 Kc4
66. Kf7 Kd4 67. Kg6 Ke4 68. Kh5 Kf4 69. h4 Bh6 70. g5 fxg5 71. hxg5 Bxg5 72.
Kg6 Bf6 0-1

[Event "55. Bulgaria ch 2006"]
[Site "Svilenggrad BUL"]
[Date "2006.03.03"]
[Round "3.1"]
[White "Nikolova, Adriana"]
[Black "Raeva, Elitsa"]
[Result "0-1"]
[WhiteElo "2112"]
[BlackElo "2210"]
[PlyCount "86"]
[EventDate "2006.03.03"]
[EventType "tourn"]
[EventRounds "1"]
[EventCountry "BUL"]
[EventCategory "6"]
[Source "lmi"]
[SourceDate "2006.03.11"]

1. e4 c5 2. Nf3 a6 3. d4 cxd4 4. Nxd4 Nf6 5. Nc3 e5 6. Nde2 Bc5 7. Ng3 d6 8.
Be2 h6 9. O-O O-O 10. Kh1 Nc6 11. a3 Nd4 12. Be3 b5 13. Qd2 Be6 14. Rad1 Rc8
15. f4 Bg4 16. h3 Bxe2 17. Ngxe2 Nh5 18. Kh2 Nxe2 19. Nxe2 Bxe3 20. Qxe3 Rxc2
21. fxe5 Qe7 22. exd6 Qe5+ 23. Kg1 Nf6 24. Ng3 Qxb2 25. Rf2 Rxf2 26. Qxf2 Qxa3
27. Kh2 Qc3 28. Qf5 Qc6 29. e5 Nd7 30. Rd2 Nc5 31. Rd4 Qd7 32. Qh5 Ne6 33. Rg4
Ng5 34. Ne4 Qf5 35. Ng3 Qxe5 36. h4 f5 37. hxg5 fxg4 38. Qg6 Qxg5 39. Qxg5 hxg5
40. Ne4 Rd8 41. Kg3 b4 42. Kxg4 b3 43. Kf5 b2 0-1

[Event "55. Bulgaria ch 2006"]
[Site "Svilenggrad BUL"]
[Date "2006.03.03"]
[Round "3.2"]
[White "Chilingirova, Pavlina"]
[Black "Djingarova, Emilia"]
[Result "1/2-1/2"]
[WhiteElo "2217"]
[BlackElo "2346"]
[PlyCount "20"]
[EventDate "2006.03.03"]
[EventType "tourn"]
[EventRounds "1"]
[EventCountry "BUL"]
[EventCategory "6"]
[Source "lmi"]
[SourceDate "2006.03.11"]

1. d4 Nf6 2. c4 e6 3. Nf3 d5 4. g3 dxc4 5. Qa4+ c6 6. Qxc4 b5 7. Qc2 Bb7 8. Bg2
Nbd7 9. Nc3 a6 10. Ne4 Nxe4 1/2-1/2

[Event "55. Bulgaria ch 2006"]
[Site "Svilenggrad BUL"]
[Date "2006.03.03"]
[Round "3.3"]
[White "Jordanova, Svetla"]
[Black "Videnova, Iva"]
[Result "1-0"]
[WhiteElo "2187"]
[BlackElo "2058"]
[PlyCount "85"]
[EventDate "2006.03.03"]
[EventType "tourn"]
[EventRounds "1"]
[EventCountry "BUL"]
[EventCategory "6"]
[Source "lmi"]
[SourceDate "2006.03.11"]

1. d4 c5 2. c3 Nf6 3. Nf3 b6 4. e3 g6 5. Be2 Bg7 6. Nbd2 Bb7 7. O-O O-O 8. b3
d5 9. Bb2 Nc6 10. Rc1 Rc8 11. Re1 Qc7 12. Qc2 Qb8 13. Qb1 Qa8 14. Bf1 Rfe8 15.
h3 Rcd8 16. Rcd1 e5 17. Nxe5 Nxe5 18. dxe5 Rxe5 19. Qa1 Re7 20. c4 Nh5 21. cxd5
Bxb2 22. Qxb2 Rxd5 23. Nc4 Rg5 24. f4 Rd5 25. Ne5 Rxd1 26. Rxd1 Bd5 27. Ng4 h6
28. Nxh6+ Kh7 29. Ng4 Qc6 30. Qf2 Qe6 31. Qh4 Rd7 32. Ne5 Rd6 33. g4 f6 34.
gxh5 fxe5 35. hxg6+ Kxg6 36. Qg5+ Kf7 37. f5 Qd7 38. Qh5+ Kg7 39. Qg4+ Kh8 40.
e4 Bf7 41. Qh4+ Kg7 42. Qg5+ Kh7 43. f6 1-0

[Event "55. Bulgaria ch 2006"]
[Site "Svilenggrad BUL"]
[Date "2006.03.03"]
[Round "3.4"]
[White "Voiska, Margarita"]
[Black "Andreeva, Plamena"]
[Result "0-1"]
[WhiteElo "2308"]
[BlackElo "2071"]
[PlyCount "72"]
[EventDate "2006.03.03"]
[EventType "tourn"]
[EventRounds "1"]
[EventCountry "BUL"]
[EventCategory "6"]
[Source "lmi"]
[SourceDate "2006.03.11"]

1. g3 d5 2. Bg2 e5 3. c4 d4 4. e3 d3 5. Nc3 f5 6. e4 Nc6 7. Nf3 Nf6 8. exf5
Bxf5 9. O-O Bc5 10. a3 a5 11. Na4 Be7 12. Qb3 e4 13. Ng5 Nd4 14. Qxb7 Rb8 15.
Qa6 h6 16. Nh3 Qd7 17. Nf4 O-O 18. c5 Qxa4 19. b4 Qb5 20. Qxb5 Rxb5 21. Bb2 Nb3
22. Ra2 Rd8 23. Re1 g5 24. Bxf6 Bxf6 25. Nh5 Bh8 26. Bxe4 Bg4 27. Bg6 Nd4 28.
Re7 Nf3+ 29. Kg2 Ne5 30. Bh7+ Kf8 31. Rxc7 Bf3+ 32. Kf1 Bxh5 33. f4 gxf4 34.
gxf4 Nf3 35. Be4 axb4 36. axb4 Rxb4 0-1

[Event "55. Bulgaria ch 2006"]
[Site "Svilenggrad BUL"]
[Date "2006.03.03"]
[Round "3.5"]
[White "Savova, Stefka"]
[Black "Velcheva, Maria"]
[Result "1/2-1/2"]
[WhiteElo "2204"]
[BlackElo "2286"]
[PlyCount "75"]
[EventDate "2006.03.03"]
[EventType "tourn"]
[EventRounds "1"]
[EventCountry "BUL"]
[EventCategory "6"]
[Source "lmi"]
[SourceDate "2006.03.11"]

1. Nf3 c5 2. c4 Nc6 3. d4 cxd4 4. Nxd4 Nf6 5. Nc3 e6 6. Ndb5 d6 7. Bf4 e5 8.
Bg5 a6 9. Na3 Be7 10. e3 Be6 11. Be2 O-O 12. O-O Rc8 13. Qd2 Qa5 14. Rfd1 Rfd8
15. Bxf6 Bxf6 16. Nd5 Qxd2 17. Rxd2 Bxd5 18. cxd5 Nb4 19. Nc4 e4 20. Nb6 Rc5
21. a3 Nd3 22. Bxd3 exd3 23. Rxd3 Bxb2 24. Rb1 Bf6 25. g3 Kf8 26. Kg2 Ke7 27.
Rdb3 Rc7 28. a4 Rb8 29. Kf3 Kd8 30. h4 h5 31. Ke4 Bc3 32. Kd3 Bf6 33. e4 Rc5
34. f4 Kc7 35. Re1 Re8 36. Reb1 Rb8 37. Re1 Re8 38. Reb1 1/2-1/2

[Event "55. Bulgaria ch 2006"]
[Site "Svilenggrad BUL"]
[Date "2006.03.03"]
[Round "3.6"]
[White "Genova, Ruzka"]
[Black "Draganova, Petranka"]
[Result "1-0"]
[WhiteElo "2218"]
[BlackElo "2049"]
[PlyCount "141"]
[EventDate "2006.03.03"]
[EventType "tourn"]
[EventRounds "1"]
[EventCountry "BUL"]
[EventCategory "6"]
[Source "lmi"]
[SourceDate "2006.03.11"]

1. d4 e6 2. c4 b6 3. Nf3 Bb7 4. g3 f5 5. Bg2 Nf6 6. O-O g6 7. Nc3 Bg7 8. d5 O-O
9. Bf4 Na6 10. Qd2 c6 11. dxe6 dxe6 12. Rad1 Qxd2 13. Rxd2 Rfd8 14. Rfd1 Rxd2
15. Rxd2 Nc5 16. Ne5 Nfe4 17. Nxe4 Nxe4 18. Bxe4 fxe4 19. h4 Bxe5 20. Bxe5 Rf8
21. Rd6 Rf5 22. Bf4 Rf8 23. Rxe6 c5 24. Rd6 Ba6 25. b3 Bc8 26. Kf1 Re8 27. Ke1
Kf7 28. Kd2 Re6 29. Rxe6 Kxe6 30. Ke3 Bb7 31. Bb8 Kd7 32. Kf4 a6 33. Kg5 e3 34.
fxe3 Be4 35. Kh6 Ke6 36. Ba7 Bb1 37. a3 Ba2 38. Bxb6 Bxb3 39. Kxh7 Kf7 40. Bxc5
Bxc4 41. Kh6 Kf6 42. g4 Bxe2 43. Bd4+ Kf7 44. Kg5 Bd3 45. Bc3 Ke6 46. a4 Bc2
47. a5 Bd3 48. h5 gxh5 49. Kxh5 Be2 50. Kg5 Bd1 51. Kf4 Be2 52. Bd4 Bd1 53. Bb6
Be2 54. g5 Bh5 55. Ke4 Bg6+ 56. Kd4 Bf5 57. e4 Bg6 58. Bd8 Kd7 59. Bf6 Kc6 60.
e5 Bf7 61. Be7 Kd7 62. Bb4 Kc6 63. Bc3 Bg6 64. Bd2 Bf7 65. Bb4 Bg6 66. e6 Kb5
67. Bd2 Kc6 68. Ke5 Bd3 69. Kf6 Kc7 70. Kf7 Kd6 71. Bf4+ 1-0

[Event "55. Bulgaria ch 2006"]
[Site "Svilenggrad BUL"]
[Date "2006.03.04"]
[Round "4.1"]
[White "Raeva, Elitsa"]
[Black "Draganova, Petranka"]
[Result "0-1"]
[WhiteElo "2210"]
[BlackElo "2049"]
[PlyCount "70"]
[EventDate "2006.03.03"]
[EventType "tourn"]
[EventRounds "1"]
[EventCountry "BUL"]
[EventCategory "6"]
[Source "lmi"]
[SourceDate "2006.03.11"]

1. d4 d5 2. c4 c6 3. Nc3 dxc4 4. a4 e5 5. dxe5 Qxd1+ 6. Kxd1 Nd7 7. Bf4 Nc5 8.
e4 Nb3 9. Rb1 Be6 10. Nf3 O-O-O+ 11. Ke1 h6 12. Nd2 Nxd2 13. Bxd2 Bc5 14. f4 g6
15. Be2 h5 16. Rf1 Ne7 17. Rc1 Rd7 18. Nb1 Bd4 19. Rc2 b5 20. Bb4 c5 21. Bd2 a6
22. Na3 Rb7 23. Bf3 Bd7 24. Ke2 Nc6 25. Rd1 Bg4 26. Be1 Rd8 27. Bh4 Rdd7 28.
Rcd2 Bxf3+ 29. Kxf3 Bxb2 30. Nc2 Rxd2 31. Rxd2 Nd4+ 32. Nxd4 Bxd4 33. Ke2 b4
34. Rd1 b3 35. Be1 c3 0-1

[Event "55. Bulgaria ch 2006"]
[Site "Svilenggrad BUL"]
[Date "2006.03.04"]
[Round "4.2"]
[White "Velcheva, Maria"]
[Black "Genova, Ruzka"]
[Result "1/2-1/2"]
[WhiteElo "2286"]
[BlackElo "2218"]
[PlyCount "180"]
[EventDate "2006.03.03"]
[EventType "tourn"]
[EventRounds "1"]
[EventCountry "BUL"]
[EventCategory "6"]
[Source "lmi"]
[SourceDate "2006.03.11"]

1. e4 c5 2. Nf3 d6 3. d4 cxd4 4. Nxd4 Nf6 5. Nc3 e6 6. Be2 Be7 7. O-O O-O 8. f4
Nc6 9. Be3 Qc7 10. Bf3 Nxd4 11. Qxd4 e5 12. Qd2 exf4 13. Bxf4 Be6 14. Kh1 a6
15. Rad1 Rad8 16. h3 b5 17. a3 Rd7 18. Ne2 Bc4 19. Rfe1 Bxe2 20. Rxe2 Qc4 21.
Qd4 Rc8 22. c3 h6 23. Red2 Bf8 24. Bg3 Qe6 25. Qe3 Re8 26. Qb6 Nxe4 27. Bxe4
Qxe4 28. Qxa6 Qc4 29. Rd5 Re2 30. Qxb5 Qe4 31. Rg1 Rxb2 32. Qxb2 Qxd5 33. a4
Rb7 34. Qe2 Qc6 35. a5 Ra7 36. Ra1 Qxc3 37. Qe1 Qc6 38. Bf2 Re7 39. Qd2 Qa6 40.
Bd4 Re2 41. Qxe2 Qxe2 42. a6 Qe4 43. a7 Qxd4 44. a8=Q d5 45. Rc1 Qe5 46. Rd1 d4
47. Qd8 g6 48. Qxd4 Qxd4 49. Rxd4 h5 50. Kh2 Kg7 51. Kg3 Ba3 52. Rd7 Kf6 53.
Ra7 Bc5 54. Ra6+ Kg7 55. Kf4 Bb4 56. Ke5 Bc3+ 57. Kd6 h4 58. Ra4 g5 59. Kd5 Kg6
60. Ke4 f6 61. Rc4 Bb2 62. Rb4 Bc3 63. Rb5 Ba1 64. Rf5 Bc3 65. Rf3 Be5 66. Kd5
Bb2 67. Ke6 Be5 68. Rb3 Bd4 69. Rb8 Bc3 70. Rg8+ Kh7 71. Kf7 Bd4 72. Rg7+ Kh6
73. Rg6+ Kh7 74. Rg8 Bc3 75. Rc8 Bd4 76. Ke6 Kg6 77. Rg8+ Kh7 78. Rd8 Bc3 79.
Kf5 Kg7 80. Rd7+ Kh6 81. Rc7 Bb2 82. Rb7 Bc3 83. Rb8 Kg7 84. Kg4 Be5 85. Rc8
Kg6 86. Rg8+ Kf7 87. Rc8 Kg6 88. Re8 Bg3 89. Re6 Be5 90. Ra6 Bg3 1/2-1/2

[Event "55. Bulgaria ch 2006"]
[Site "Svilenggrad BUL"]
[Date "2006.03.04"]
[Round "4.3"]
[White "Andreeva, Plamena"]
[Black "Savova, Stefka"]
[Result "0-1"]
[WhiteElo "2071"]
[BlackElo "2204"]
[PlyCount "62"]
[EventDate "2006.03.03"]
[EventType "tourn"]
[EventRounds "1"]
[EventCountry "BUL"]
[EventCategory "6"]
[Source "lmi"]
[SourceDate "2006.03.11"]

1. e4 c5 2. a3 d6 3. b4 Nf6 4. Nc3 Nc6 5. f4 e5 6. Nf3 Bg4 7. Bb5 cxb4 8. axb4
Bxf3 9. Qxf3 Be7 10. O-O O-O 11. Bxc6 bxc6 12. Ra6 Qc8 13. Qe2 Bd8 14. Rf3 Bb6+
15. Kf1 Ng4 16. Rh3 exf4 17. Rh4 f5 18. Bb2 f3 19. gxf3 fxe4 20. Nxe4 Rxf3+ 21.
Qxf3 Qxa6+ 22. Kg2 Rf8 23. Qb3+ d5 24. c4 dxe4 25. c5+ Rf7 26. Rxg4 Qf1+ 27.
Kg3 Bc7+ 28. Kh4 Qf2+ 29. Rg3 Qxh2+ 30. Rh3 Qf4+ 31. Kh5 g6# 0-1

[Event "55. Bulgaria ch 2006"]
[Site "Svilenggrad BUL"]
[Date "2006.03.04"]
[Round "4.4"]
[White "Videnova, Iva"]
[Black "Voiska, Margarita"]
[Result "1/2-1/2"]
[WhiteElo "2058"]
[BlackElo "2308"]
[PlyCount "44"]
[EventDate "2006.03.03"]
[EventType "tourn"]
[EventRounds "1"]
[EventCountry "BUL"]
[EventCategory "6"]
[Source "lmi"]
[SourceDate "2006.03.11"]

1. c4 e5 2. g3 Nf6 3. Bg2 c6 4. Nf3 e4 5. Nd4 d5 6. cxd5 cxd5 7. O-O Nc6 8.
Nxc6 bxc6 9. d3 Bf5 10. dxe4 Bxe4 11. Qa4 Qd7 12. Nc3 Bxg2 13. Kxg2 Be7 14. Rd1
O-O 15. e4 Qb7 16. exd5 Nxd5 17. Nxd5 cxd5 18. Qb3 Qxb3 19. axb3 Rfb8 20. Rxd5
Rxb3 21. Be3 Rxb2 22. Rxa7 Rxa7 1/2-1/2

[Event "55. Bulgaria ch 2006"]
[Site "Svilenggrad BUL"]
[Date "2006.03.04"]
[Round "4.5"]
[White "Djingarova, Emilia"]
[Black "Jordanova, Svetla"]
[Result "1-0"]
[WhiteElo "2346"]
[BlackElo "2187"]
[PlyCount "77"]
[EventDate "2006.03.03"]
[EventType "tourn"]
[EventRounds "1"]
[EventCountry "BUL"]
[EventCategory "6"]
[Source "lmi"]
[SourceDate "2006.03.11"]

1. e4 c5 2. Nf3 d6 3. d4 cxd4 4. Nxd4 Nf6 5. Nc3 a6 6. Be3 e5 7. Nf3 h6 8. Bc4
Be6 9. Bb3 Be7 10. O-O O-O 11. Qe2 Qc7 12. Rfd1 Nbd7 13. Nh4 Nc5 14. Bxc5 Qxc5
15. Nf5 Bxf5 16. exf5 Rfe8 17. Rd3 e4 18. Nxe4 Qxf5 19. Re3 Nxe4 20. Rxe4 Qd7
21. Re1 Kf8 22. Bd5 a5 23. a4 Rac8 24. Bc4 Bf6 25. Qd3 Rxe4 26. Rxe4 Re8 27.
Rxe8+ Qxe8 28. Qxd6+ Kg8 29. b3 Qe1+ 30. Bf1 Be5 31. Qd8+ Kh7 32. Qd3+ Kg8 33.
g3 g6 34. Qd5 h5 35. Kg2 h4 36. Bc4 Kh7 37. Qxf7+ Kh6 38. Bd3 h3+ 39. Kxh3 1-0

[Event "55. Bulgaria ch 2006"]
[Site "Svilenggrad BUL"]
[Date "2006.03.04"]
[Round "4.6"]
[White "Nikolova, Adriana"]
[Black "Chilingirova, Pavlina"]
[Result "0-1"]
[WhiteElo "2112"]
[BlackElo "2217"]
[PlyCount "104"]
[EventDate "2006.03.03"]
[EventType "tourn"]
[EventRounds "1"]
[EventCountry "BUL"]
[EventCategory "6"]
[Source "lmi"]
[SourceDate "2006.03.11"]

1. e4 c5 2. Nf3 d6 3. d4 cxd4 4. Nxd4 Nf6 5. Nc3 a6 6. Bg5 e6 7. f4 Be7 8. Qf3
Qc7 9. O-O-O Nbd7 10. g4 b5 11. Bxf6 Nxf6 12. g5 Nd7 13. f5 Ne5 14. Qh5 b4 15.
Nce2 g6 16. fxg6 fxg6 17. Qh6 Nf7 18. Qg7 Bxg5+ 19. Kb1 e5 20. Nf3 Bh6 21. Qf6
Qe7 22. Qxe7+ Kxe7 23. h3 Bb7 24. Nd2 Bxd2 25. Rxd2 Bxe4 26. Rg1 Rac8 27. Ng3
Bb7 28. h4 Rc7 29. Bh3 Rc4 30. h5 Rh4 31. Bf5 Kf6 32. Bd3 e4 33. Be2 d5 34. Nf1
Ne5 35. Rd4 Rh3 36. Rxb4 Bc6 37. Bxa6 Rxh5 38. Rb6 Rg5 39. Rh1 Ke7 40. Rb4 h5
41. Rd4 Nf3 42. Rd1 d4 43. c3 dxc3 44. bxc3 Rb8+ 45. Ka1 Ra5 46. Bc4 h4 47. Ne3
Rd8 48. Rb1 g5 49. Rb6 Rc5 50. Kb2 Ne5 51. Kb3 Nxc4 52. Nxc4 Bd5 0-1